Normal view
MARC view
- Dueñas Rello, Erik
Entry Nombre Personal
001 - NUMERO DE CONTROL
- campo de control: 60159
003 - IDENTIFICADOR DE NUMERO DE CONTROL
- campo de control: UPN
005 - FECHA Y HORA DE LA ÜLTIMA TRANSACCIÓN
- campo de control: 20260630142536.0
008 - DATOS DE LONGITUD FIJA
- campo de control de longitud fija: 260630|| ac|||aabn | a|a d
024 ## - OTROS IDENTIFICADORES NORMALIZADOS
- Fuente: orcid
- Número normalizado o código: https://orcid.org/0000-0002-1157-2157
040 ## - FUENTE DE CATALOGACIÓN
- Agencia original de catalogación: MX-MxUPN
100 1# - ENCABEZAMIENTO - NOMBRE PERSONAL
- Nombre personal: Dueñas Rello, Erik
370 ## - LUGAR ASOCIADO
- Place of birth: España
371 ## - DIRECCIÓN
- Electronic mail address: duenas@ucm.es
373 ## - GRUPO ASOCIADO
- Associated group: Universidad Complutense de Madrid. Instituto TRANSOC
374 ## - OCUPACIÓN
- Occupation: Docencia e investigación universitarias
670 ## - FUENTE EN LA QUE SE LOCALIZARON DATOS
- Cita de la fuente: En recurso en línea: REIS, No. 192 (2025)
- Información localizada: (Erik Dueñas Rello)
- Uniform Resource Identifier: https://reis.cis.es/index.php/reis/article/view/2354/2991
902 ## - CATALOGADOR
- Catalogador: Leonor Sotres/300626
